Most Bordered European Countries - Statistics

General Stats
  • This quiz has been taken 173 times
  • The average score is 8 of 9
Answer Stats
Hint Answer % Correct
10 France
99%
9 Germany
99%
14 Russia
99%
8 Austria
93%
7 Poland
91%
7 Hungary
90%
7 Ukraine
90%
6 Italy
88%
8 Serbia
87%
No matching quizzes found
Score Distribution
Percent of People with Each Score
Percentile by Number Answered
Your Score History
You have not taken this quiz